| 000 | 00533cam a22001934a 4500 | ||
|---|---|---|---|
| 005 | 20250605164311.0 | ||
| 008 | 250528s ||||||||||||||||||||||||d | ||
| 035 | _a22496 | ||
| 020 | _a9789604319947 | ||
| 040 |
_aGR-AtMCL _bgre _dGR-AtMCL _eAACR2 |
||
| 245 | 1 | _aΥΠΟΛΟΓΙΣΤΙΚΕΣ EXCEL-ΙΞΕΙΣ / ΣΤΟ ΕΡΓΟ ΤΟΥ ΜΗΧΑΝΙΚΟΥ | |
| 250 | _a1 | ||
| 260 |
_bΖήτη, _c2006 |
||
| 300 | _a590 | ||
| 700 | 1 |
_aΚουιμτζης Μιχαηλ _98313 |
|
| 942 | _cBK | ||
| 999 |
_c7548 _d7548 |
||